Diálogos de tendencia cínica
Bewaard in:
| Hoofdauteur: | |
|---|---|
| Formaat: | Boek |
| Taal: | Spaans |
| Gepubliceerd in: |
Madrid
Nacional
1976
|
| Reeks: | Biblioteca de la Literatura y el Pensamiento Universales, 12
|
| Onderwerpen: | |
| Tags: |
Voeg label toe
Geen labels, Wees de eerste die dit record labelt!
|
MARC
| LEADER | 00000nam a2200000 a 4500 | ||
|---|---|---|---|
| 001 | UCO5540 | ||
| 003 | CL-VaPUC | ||
| 008 | 000908e19760000SP |||||||||||||||||spa|d | ||
| 082 | 0 | 4 | |a 885 |b LUC |2 21 |
| 100 | |a Luciano de Samósata |e autor |9 347410 | ||
| 245 | 1 | 0 | |a Diálogos de tendencia cínica |
| 300 | |a 295 p | ||
| 942 | |c BK | ||
| 945 | |d 20000908 00:00:00 |a crobeson | ||
| 260 | |a Madrid |b Nacional |c 1976 | ||
| 650 | 0 | |a Oratoria griega |9 265027 | |
| 650 | 7 | |a LITERATURA GRIEGA |2 CL-VaPUC |9 258054 | |
| 583 | |a last modification |c 20000908 00:00:00 |k Rodrigo Vera | ||
| 490 | 0 | |a Biblioteca de la Literatura y el Pensamiento Universales, 12 | |
| 999 | |c 291396 |d 291394 | ||
| 952 | |0 0 |1 0 |4 0 |6 885_000000000000000_LUC_1976 |7 0 |8 A |9 341228 |a BIBART |b BIBART |d 2019-11-20 |i 1221450 |o 885 LUC 1976 |p 1221450 |r 2025-03-13 |w 2019-11-20 |y BK |k ART | ||